000 00527nam a22001697a 4500
005 20260224115409.0
008 250730b |||||||| |||| 00| 0 eng d
020 _a978-0-17034897-3
100 _aALLEN PETER
245 _aSPSS STATISTICS VERSION 22: A PRACTICAL GUIDE
260 _aSOUTH MELBOURNE,
_bCENGAGE,
_c2014,
300 _aXIV,308P.
500 _aINCLUDES BIBLIOGRAPHICAL REFERENCES AND INDEX
650 _aSOCIAL SCIENCES -STATISTCAL METHODS
700 _aBENNETT KELLIE
_a HERITAGE BRODY
942 _2lcc
_cBK
999 _c215977
_d215977